Critical international law : (Record no. 90015)

MARC details
000 -LEADER
fixed length control field 00680nam a22002057a 4500
005 - DATE AND TIME OF LATEST TRANSACTION
control field 20141119165859.0
010 ## - LCCN (DPL NO)
LC control number ENG-111214
020 ## - INTERNATIONAL STANDARD BOOK NUMBER
International Standard Book Number 9780199450633
Terms of availability 1095.00
035 ## - SYSTEM CONTROL NUMBER
System control number EN-94746
037 ## - SOURCE OF ACQUISITION
Source of stock number/acquisition DBAD/PUB
082 ## - DEWEY DECIMAL CLASSIFICATION NUMBER
Classification number 341
245 ## - TITLE STATEMENT
Title Critical international law :
Remainder of title postrealism, postcolonialism and transnationlism /
Statement of responsibility, etc edited by Prabhakar Singh [and] Benoit Mayer
260 ## - PUBLICATION, DISTRIBUTION, ETC. (IMPRINT)
Place of publication, distribution, etc New Delhi
Name of publisher, distributor, etc Oxford University Press
Date of publication, distribution, etc 2014
270 ## - ADDRESS
Address YMCA Library building, 1 Jai Singh Road
City New Delhi
Postal code 110001
300 ## - PHYSICAL DESCRIPTION
Extent xiv,365p.
Dimensions 23cm(Hb)
500 ## - GENERAL NOTE
General note Includes index
700 ## - ADDED ENTRY--PERSONAL NAME
Personal name Prabhakar, Singh
700 ## - ADDED ENTRY--PERSONAL NAME
Personal name Mayer, Benoit
942 ## - ADDED ENTRY ELEMENTS (KOHA)
Source of classification or shelving scheme Dewey Decimal Classification
Item type English Books
Call number suffix CRI
Classification part 341
Holdings
Withdrawn status Lost status Not for loan Collection code Home library Current library Date acquired Source of acquisition Cost, normal purchase price Full call number Barcode Copy number Cost, replacement price Koha item type
    Not For Loan Non-fiction D.B.Act.Division D.B.Act.Division 13/11/2014 DBAD/PUB 1095.00 341 CRI EN-94746 1 1095.00 English Books

© Delhi Public Library
Hit Counter
free hit counter